000 00585nam a2200193 a 4500
005 20230316063551.0
008 991125s1994 mx 000 0 spa u
020 _a9681644972
035 _aUPN01000001335
049 _aI
050 4 _aPZ7
_bW8.38
100 1 _aWaddell, Martin
245 1 1 _a¡Ahí viene el malvado topo! /
_cMartin Waddell ; tr. Lucía Segovia ; il. John Bendall-Brunello.
260 _aMéxico :
_bFCE,
_c1994.
300 _a[25] p :
_bprincipalmente il. col.
440 0 _aA la orilla del viento
650 4 _aCuentos infantiles ingleses
_910002
905 _aLibro
999 _c1335
_d1335